Responses for show #5734 - Thursday, July 9, 2009

Contestants

Daphna Atias, a high school English teacher originally from Kentwood, Michigan

Tyler Crosby, a barista and bookseller from Ithaca, New York

Alyssa McRae, a gift card production designer from Philadelphia, Pennsylvania (whose 2-day cash winnings total $43,001)

Jeopardy! Round responses

CIVIL WAR GENERALS
BEST ACTOR OSCAR WINNERS
THE NEW YORK TIMES STYLE
SOUVENIRS
CITY SPELLING
(Alex: And you must spell the response.)
TALK LIKE "DIS"
    $200 26
martial law

Alyssa
    $200 2
(Alex: In The French Connection, [*].)

Gene Hackman

Triple Stumper
    $200 7
Michelle Obama

Alyssa
    $200 1
a boomerang

Tyler
    $200 21
(Alex: [Interrupting his read of the clue before getting to the final letter of the spelling within] I can't even do it when it's right in front of me!)

P-I-T-T-S-B-U-R-G-H

Daphna
    $200 16
disbar

Alyssa
    $400 27
Bull Run

Tyler
    $400 3
Paul Newman

Alyssa
    $400 8
earrings

Alyssa
    $400 10
the Statue of Liberty

Alyssa
    $400 22
M-A-N-H-A-T-T-A-N

Tyler
    $400 17
a disc jockey

Tyler
    $600 28
cavalry

Triple Stumper
    $600 4
Michael Douglas

Daphna
    $600 9
(Daphna: What are slacks?)

jeans

TylerDaphna
    $600 11
Big Ben

Tyler
    $600 23
P-H-O-E-N-I-X

Daphna
    $600 18
a disinfectant

Tyler
    $800 29
(Alex: McClellan was for the North.)

Robert E. Lee

Triple Stumper
    $800 5
(Alex: The film was High Noon, way before your time, and the actor was [*].)

Gary Cooper

Triple Stumper
    $800 14
(Daphna: What is summer clothing?)
(Tyler: What is sleepwear?)

swimwear

TylerDaphna
Triple Stumper
    $800 12
the Barbary apes

Alyssa
    $800 24
A-L-B-U-Q-U-E-R-Q-U-E

Tyler
    $800 19
distemper

Alyssa
    $1,200 30
(Tyler: Who are the Hatfields?)

the Todds

Tyler
    $1000 6
(Alex: In The Pianist, right.)

Adrien Brody

Daphna
    $1000 15
Donna Karan

Daphna
    $1000 13
Mount St. Helens

Daphna
    $1000 25
(Alex: Good for you. You guys did well in that.)

C-H-A-T-T-A-N-O-O-G-A

Alyssa
    $1000 20
a dismount

Daphna

Scores at the first commercial break (after clue 15):

Alyssa Tyler Daphna
$2,200 $600 $2,200

Scores at the end of the Jeopardy! Round:

Alyssa Tyler Daphna
$4,400 $2,000 $4,000

Double Jeopardy! Round responses

YOU: THE OWNER'S MANUAL
(Alex: ...featuring Dr. Oz.)
QUOTES ABOUT SPORTS TEAMS?
SHELLFISH
IT'S GETTING LATE IN HISTORY
ORIGINAL TITLES
HOMOPHONES
    $400 7
osteoporosis

Tyler
    $400 1
(Alex: Yes, the L.A. [*].)

angels

Daphna
    $400 30
clams

Daphna
    $400 2
Damascus

Tyler
    $400 18
Gone with the Wind

Alyssa
    $400 13
yew/ewe

Alyssa
    $800 8
migraines

Daphna
    $800 3
saints

Daphna
    $800 29
(Tyler: What's a lobster roll?)

a McLobster

Tyler
Triple Stumper
    $800 12
Ireland

Tyler
    $800 19
Mein Kampf

Alyssa
    $800 14
bawled/bald

Alyssa
    $1,000 9
plaque (atherosclerosis accepted)

Daphna
    $1200 4
patriots

Daphna
    $1200 28
a tiger

Tyler
    $1200 23
the Byzantine Empire

Tyler
    $1200 20
(Daphna: What is The Grapes of Wrath?)

Of Mice and Men

TylerDaphna
    $1200 15
need/knead

Tyler
    $1600 10
(Alex: Yeah, and it sure does look comfortable, doesn't it? That's called [*].)

a neti pot

Triple Stumper
    $1600 5
colts

Triple Stumper
    $1600 27
a crab

Tyler
    $1600 24
(Alex: A minute to go now, Tyler.)

Eleanor of Aquitaine

Triple Stumper
    $2,000 21
(Alex: Tyler?)
(Tyler: [Shakes head])
(Alex: The correct response--what is [*] by F. Scott Fitzgerald?)

The Great Gatsby

Tyler
    $1600 16
taut/taught

Tyler
    $2000 11
(Tyler: What is the MCL?)

the meniscus

Tyler
Triple Stumper
    $2000 6
magic

Tyler
    $2000 26
oysters

Tyler
    $2000 25
(Tyler: What is a horse?)

an elephant

Tyler
Triple Stumper
    $2000 22
Peyton Place

Triple Stumper
    $2000 17
mustered/mustard

Tyler

Scores at the end of the Double Jeopardy! Round:

Alyssa Tyler Daphna
$6,800 $10,800 $7,400

[wagering suggestions for these scores]

Final Jeopardy! Round responses

MUSIC WORDS
AlyssaWhat is jazz?
$601
DaphnaWhat is "jumpy"?
$0
TylerWhat is adagio
$4,001
jazz

Final scores:

Alyssa Tyler Daphna
$7,401 $6,799 $7,400
3-day champion: $50,402 3rd place: $1,000 2nd place: $2,000

Game dynamics:

Coryat scores:

Alyssa Tyler Daphna
$6,800 $14,000 $7,600
13 R,
0 W
20 R,
6 W
(including 2 DDs)
13 R
(including 1 DD),
3 W

Combined Coryat: $28,400

The J! Archive is created by fans, for fans. The Jeopardy! game show and all elements thereof, including but not limited to copyright and trademark thereto, are the property of Jeopardy Productions, Inc. and are protected under law. This website is not affiliated with, sponsored by, or operated by Jeopardy Productions, Inc. Join the discussion at JBoard.tv.